000 00381nam a22001457a 4500
005 20120214105859.0
020 _a9780747566533
_c000.00
035 _aB-218172
037 _adpl
100 _aHosseini,Khaled
_944496
245 _aThe Kite Runner/
_cBy Khaled Hosseini
260 _aLondon
_bBloomsbury Publishing
_c2003
300 _avii,324p.
_c22 cms.
942 _2ddc
_cEN
_hN
_mHOS
999 _c64486
_d64486